Statistiken für Hauptstädte mit mehr als einem N

Klicken Sie hier um das Quiz zu spielen!

Allgemein

  • Dieses Quiz wurde 169 mal gespielt
  • Das Durchschnittsergebnis liegt bei 8 aus 18

Antwortstatistiken

HAUPTSTADT% Korrekt
London
77%
Kopenhagen
67%
Washington
67%
Antananarivo
57%
Wellington
52%
Tallinn
50%
Havanna
49%
Pjöngjang
44%
San Marino
44%
Kingston
34%
Vientiane
33%
Santo Domingo
32%
Phnom Penh
31%
Asunción
25%
Bandar Seri Begawan
25%
Kingstown
23%
N’Djamena
22%
Saint John's
17%

Verteilung der Resultate

Perzentil nach korrekt beantworteten Fragen

Anzahl Personen mit jedem Resultat

Ihre Resultats-Entwicklung

Sie haben dieses Quiz noch nicht gespielt